De coniuratione catilinae: historia

Gardado en:
Detalles Bibliográficos
Autor Principal: Crispi Sallustii, C (Author)
Formato: Libro
Idioma:latín
Publicado: Turín S. Benigni in Salasis 1885
Edición:4a. ed
Series:Selecta ex Latinis Scriptoribus, 21
Subjects:
Tags: Engadir etiqueta
Sen Etiquetas, Sexa o primeiro en etiquetar este rexistro!

MARC

LEADER 00000nam a2200000 a 4500
001 UCJ8766
003 CL-VaPUC
008 070124e18850000IT |||||||||||||||||lat|d
082 0 4 |a 870  |b CRI  |2 21 
100 0 |a Crispi Sallustii, C  |e author  |9 517863 
245 1 0 |a De coniuratione catilinae: historia 
250 |a 4a. ed 
300 |a 45 p 
942 |c BK 
945 |d 20070124 00:00:00  |a fvergara 
260 |a Turín  |b S. Benigni in Salasis  |c 1885 
650 0 |a Literatura latina   |9 258055 
583 |a last modification  |c 20070124 00:00:00  |k Rodrigo Vera 
490 0 |a Selecta ex Latinis Scriptoribus, 21 
999 |c 324419  |d 324417 
952 |0 0  |1 0  |4 0  |6 870_000000000000000_CRI_1885  |7 0  |8 X  |9 404520  |a FDOBUD  |b FDOBUD  |d 2019-11-22  |i 3158365  |o 870 CRI 1885  |p 3158365  |r 2019-11-22  |w 2019-11-22  |y BK_X  |k BUD